Cesty rozvoja komunikácie v podniku

Poruchy v komunikácii funkčných útvarov v podniku. Rozvoj znalostného manažmentu v podniku. Proces budovania komunikačne vyspelého podniku.

Enregistré dans:
Détails bibliographiques
Auteur principal: Marsina, Štefan
Format: Chapitre de livre
Langue:slovaque
Sujets:
Tags: Ajouter un tag
Pas de tags, Soyez le premier à ajouter un tag!

MARC

LEADER 00000naa$a2200000$$$4500
001 0082932
005 20240502071931.2
041 0 |a slo 
044 |a SK 
245 1 0 |a Cesty rozvoja komunikácie v podniku  |c Štefan Marsina 
520 |a Poruchy v komunikácii funkčných útvarov v podniku. Rozvoj znalostného manažmentu v podniku. Proces budovania komunikačne vyspelého podniku. 
610 2 0 |a komunikácia firemná 
610 2 0 |a podnik 
610 2 0 |a vedomosti 
610 2 0 |a vzdelávanie 
610 2 0 |a technológie komunikačné 
610 2 0 |a manažment 
100 1 |a Marsina, Štefan